zpět

Detail výsledku týmu

Café Hostel, České Budějovice

Datum a čas kvízu

25 Celkem bodů Celkový počet nahraných bodů na tomto kvízu bez doplňovacích otázek.
5. Pořadí na kvízu Konečné umístění týmu na tomto kvízu.

Zaznamenané odpovědi

# Otázka Odpověď Body Výsledky
1. Minulý týden napadli hackeři f... dopravy 0
2. Jeden polský autobusový doprav... Hel 0
3. Minulý týden došlo k útěku dev... Děčín, makak 0
4. Ve středu oznámil český minist... Zdeněk Nekula, Marek Výborný 0
5. V úterý vyhrál jeden český atl... Jakub Vadlejch 0
6. V následujících otázkách se bu... Pangea, Gondwanu 1
7. Seřaďte následující minerály p... 1A 2D 3C 4B 0
8. Která vyvřelá hornina, běžně n... čedič (bazalt) 1
9. Součástí geologických věd je t... na Tenerife, na Islandu 1
10. Geologické období paleozoikum... karbon, perm 0